000 00314nam a2200133Ia 4500
008 230312s9999||||xx |||||||||||||| ||und||
082 _a611
_bROM-C
100 _aRomanes,G.J
245 0 _aCunningham,s manual of practical anatomy
260 _bOxford
546 _aEng.
650 _aMedical
_vanatomy
942 _cBK
999 _c5239
_d5239